An empty argument (Record no. 84228)

MARC details
000 -LEADER
fixed length control field 00776cab a22002055a 4500
001 - CONTROL NUMBER
control field L157003
008 - FIXED-LENGTH DATA ELEMENTS--GENERAL INFORMATION
fixed length control field 120809e20120804xxk 000 0 eng d
035 ## - SYSTEM CONTROL NUMBER
System control number (Sirsi) u157003
041 0# - LANGUAGE CODE
Language code of text/sound track or separate title eng
100 1# - MAIN ENTRY--PERSONAL NAME
Personal name Densham, Will
245 03 - TITLE STATEMENT
Title An empty argument
260 ## - PUBLICATION, DISTRIBUTION, ETC.
Date of publication, distribution, etc. 2012
490 ## - SERIES STATEMENT
Series statement Estates Gazette
Volume/sequential designation (1231) 4 August 2012, 40-42(3)
520 ## - SUMMARY, ETC.
Summary, etc. Following the disclaimer of the lease where does the liability fall for unoccupied property rates? Includes information about the Rating (Empty Properties) Act 2007 and "Marko Self Service Wholesalers v Nuneaton & Bedworth Borough Council [2012]" a landmark case on unoccupied property rates.
590 ## - LOCAL NOTE (RLIN)
Local note KA
651 #4 - SUBJECT ADDED ENTRY--GEOGRAPHIC NAME
Geographic name United Kingdom
690 ## - LOCAL SUBJECT ADDED ENTRY--TOPICAL TERM (OCLC, RLIN)
Topical term or geographic name as entry element Property management
9 (RLIN) 6262
700 1# - ADDED ENTRY--PERSONAL NAME
Personal name Wells, Emma
942 ## - ADDED ENTRY ELEMENTS (KOHA)
Suppress in OPAC 0
Holdings
Withdrawn status Lost status Source of classification or shelving scheme Damaged status Not for loan Home library Current library Shelving location Date acquired Total Checkouts Full call number Barcode Date last seen Copy number Price effective from Koha item type
    Dewey Decimal Classification     London London Journal article 09/08/2012   L157003 157003-1001 06/08/2019 1 06/08/2019 Journal article